| 000 | 01725nam a2200313 i 4500 | ||
|---|---|---|---|
| 001 | 000020946 | ||
| 003 | DO-SdBNP | ||
| 005 | 20240515142342.0 | ||
| 007 | ta | ||
| 008 | 100824s1995 dr a 000 0 spa d | ||
| 040 |
_aDO-SdBNP _bspa _cBNPHU _erda |
||
| 082 | 4 |
_a972.9372 _bM433a _222 |
|
| 100 | 1 |
_a Matos G., Ramiro _q(Matos González) _d1927- _937780 _eautor |
|
| 245 | 1 | 0 |
_aAzua documental : _b(y apuntes históricos) / _cRamiro Matos González. |
| 264 |
_aSanto Domingo : _bAlfa & Omega, _c1995. |
||
| 300 |
_a280 páginas : _bilustraciones ; _c21 cm. |
||
| 336 |
_2rdacontent _atexto _btxt |
||
| 337 |
_2rdamedia _asinmediación _bn |
||
| 338 |
_2rdacarrier _avolumen _bnc |
||
| 504 | _aBibliografía : p. 277-280 | ||
| 505 | 0 |
_aAzua en la arqueología -- _tNombre de la Isla -- _tCaciques y cacicazgos -- _tNuevos descubrimientos -- _tRegreso a España y rebelión de Roldan -- _tFundación de Azua de Compostela -- _tDiego Velázquez y Hernán Cortés -- _tPrivilegios y escudos, Diego Colon. Caminos de Jaragua a Azua -- _tLa caña de azúcar -- _tIndios de Jaragua, rebelión del baoruco. Enriquillo en Azua -- _tAzua y Enriquillo Lemba y Villarpando -- _t Incursione piratas en la Bahía de Ocoa. Asuntos militares -- _tLos ingenios y las iglesias de azua; cabildo, escribanos y regidores. |
|
| 590 | _aInventariado, 2024/BT | ||
| 650 | 4 |
_aCiudades y pueblos _zRepública Dominicana, Azua _943876 |
|
| 651 | 4 |
_aAzua (República Dominicana : Provincia) _922074 |
|
| 651 | 4 |
_aRepública Dominicana _xHistoria _yGobierno Colonial Español, 1503-1795 _98251 |
|
| 651 | 4 |
_aAzua de Compostela (República Dominicana) _xVida social y costumbres _912428 |
|
| 910 | _aValidado. Control de calidad MFF | ||
| 942 |
_2ddc _cLBS1 |
||
| 999 |
_c20449 _d20449 |
||